00537nam a2200157 a 45000010005000000030009000050080041000140400028000550820016000831000064000992450088001632600075002513000012003266500017003386500024003556327CO-ViMGA141112s2004 ck r 000 u spa d aCO-ViMGAbspacCO-ViMGA04a631.3 E761c1 aEspaña. Ministerio de Agricultura, Pesca y Alimentación10aCaracterísticas tecnicas de la maquinaria agrícola : bcosechadoras de cereales aMadrid : bMinisterio de Agricultura, cPesca y Alimentación, c1980 a(106 p)14aCOSECHADORAS14aMAQUINARIA AGRICOLA